Quizzes
Events
Quiz Creation
Community
Videos
Private Events
Remove Ads
Sign In
Join for FREE
Feedback
Dark Mode
Quiz Categories
Sports
Geography
Music
Movies
Television
Just For Fun
Miscellaneous
History
Literature
Language
Science
Gaming
Entertainment
Religion
Holiday
For Kids
Quiz Lab
Recent
Popular Today
Quiz Kudos Today
Editor Picks
Curator Picks
Quizzes by...
Day
Popularity
Type
Ratings
Length
Year
Community
Subscriptions
Recent Discussions
Orange Saloon
Badges
Playlists
Quests
Create
Leaderboards
Showdown
Live 5
Trivia Bingo
Activity
Puzzle Library
Sporcle Events
Private Events
Virtual Trivia
Globe League
Become a Host
Pub Owners
SporcleCon
Opinionation
Our Games
Videos
Blog
Mobile Apps
Partnerships
Remove Ads and Go Orange
Feedback
Sports
Athletes
MLB
NBA
NHL
NFL
Soccer
Sports Teams
WWE
NCAA
Football
Premier League
Basketball
Baseball
Hockey
Golf
Tennis
Cricket
Rugby
Auto Racing
Olympics
World Cup
Sports
Athletes
MLB
NBA
NHL
NFL
Soccer
Sports Teams
WWE
NCAA
Football
Premier League
Basketball
Baseball
Hockey
Golf
Tennis
Cricket
Rugby
Auto Racing
Olympics
World Cup
Random Quiz
Search Sporcle
×
Quiz Lab
Quiz Lab
Sports
WWE
Type in answers that appear in a list
Type in answers that appear in a list
Classic
Best Score? Go Orange.
WWE PPV Opponents of Ezekiel Jackson Stats
Can you name the WWE PPV Opponents of Ezekiel Jackson?
By
svenmetenstra94
10m
19 Questions
247 Plays
247 Plays
247 Plays
Comments
Comments
Give Quiz Kudos
Give Quiz Kudos
-
- Ratings
hide this ad
Replay
Link that replays current quiz
Next Quiz
Link to next quiz in quiz playlist
You Got
0%
They Got
Avg Score
85%
Avg Friend Score
Upgrade to see
Score Distribution
Jump to the score distribution portion of the page
Score
0/19
Timer
10:00
0
Plays Today
Event
Opponent
% Correct
Over The Limit 2012
Christian
95.6%
Royal Rumble 2010
Christian
95.5%
Royal Rumble 2011
Kane
93.1%
WrestleMania XXVII
Kane
93.1%
Extreme Rules 2011
Kane
93.1%
Over The Limit 2011
Wade Barrett
92.7%
Capitol Punishment 2011
Wade Barrett
92.7%
Bragging Rights 2010
Big Show
91.9%
WrestleMania XXVII
Big Show
91.9%
Extreme Rules 2011
Big Show
91.9%
Event
Opponent
% Correct
Bragging Rights 2010
Kofi Kingston
88.7%
WrestleMania XXVII
Kofi Kingston
88.7%
WrestleMania XXVII
Santino Marella
86.2%
Bragging Rights 2010
Edge
82.6%
Bragging Rights 2010
Rey Mysterio
81.4%
Bragging Rights 2010
Alberto Del Rio
72.9%
Bragging Rights 2010
Tyler Reks
72.5%
Bragging Rights 2010
Jack Swagger
68.8%
Royal Rumble 2012
The Great Khali
65.6%
Quiz Playlist
Details
Report
Send in Message
Add To Playlist
Classic:
Type in answers that appear in a list
Last Updated: Feb 16, 2017
Quiz Scoreboard
CHALLENGE
Sign Up to Join the Scoreboard
Show All
Scores
Hide
Comments
May contain spoilers
Recently Published
College Basketball Coaching Resumes
by pancakes188
Sports
9m
Billboard Blitz: Fleetwood Mac
by CooCooCachoo
Music
15s
Presidents Visiting Landmarks
by Hejman
History
7m
More to Explore
Quiz From the Vault
Featured Blog Post
Where Did the Easter Bunny Come From?
hide this ad
You Might Also Like...
Tags
WWE Quiz
Ezekiel
jackson
opponent
PPV
Pro Wrestling
Superstar
Wrestling
Today's Top Quizzes in Sports
Browse Sports
hide this ad
Today's Top Quizzes in WWE
Browse WWE
Top Contributed Quizzes in Sports
1
2022 World Cup Stars
2
Les meilleurs buteurs des matchs entre le PSG et l’OM
3
FIFA Club World Cup Champions
4
Les entraîneurs de l'OM et du PSG au 21e siècle
5
Criteria MLB: Left Handed Sluggers
6
AFC Teams Reveal (Wrong Answers Minefield)
7
5-to-1: UK Sports Teams
8
5-to-1: FBS Animal Nicknames
9
2023 MLB Unique Player Accomplishments
10
Name the Premier League winners with different clubs
Explore More
Trending Topics
Disney
Crossword
Marvel
Kpop
Anime
Harry Potter
NBA
Soccer
Puzzle
WWE
NFL
The Office
Pokémon
Country
Song
hide this ad
More By:
svenmetenstra94
Quiz
Plays
Rating
Category
Featured
Created
WWE PPV Opponents of Brock Lesnar
141,241
4.50
Sports
Apr 8, 2012
WWE PPV Opponents of Roman Reigns
31,794
4.54
Sports
Oct 28, 2013
WWE PPV Opponents of Seth Rollins
28,266
4.68
Sports
Oct 28, 2013
WWE PPV Opponents of CM Punk
27,140
4.61
Sports
Nov 9, 2011
WWE PPV Opponents of Daniel Bryan
23,869
4.19
Sports
Oct 25, 2011
Go to Creator's Profile
Score Distribution
Quiz Creator Spotlight
svenmetenstra94
Follow
Send a Message
Quizzes Created
-
Created Quiz Play Count
-
More By This Creator
Popular Quizzes Today
1
Find the US States - No Outlines Minefield
2
Find the Countries of Europe - No Outlines Minefield
3
The Countries of the World
4
Find the US States
5
Risky Map Clicking: Biggest States A-Z
6
US States
7
Popular People in 1961
8
Movies - When Are They Set?
More Sports Quizzes
Top 10 Scorers Each Year By NBA Team
Quiz Lab
Trending Quizzes
Risky Map Clicking: Least Populous States A-Z
1-10 Letter G Words
1-10 Letter F Words
Risky Map Clicking: Next State Alphabetically
Risky Map Clicking: Biggest States A-Z
Recently Updated
Leaping Animals
pecheneg
Reality TV Shows (A-Z)
bhenderson79
Rickey Henderson's Hall of Fame Teammates
pecheneg
Champions League XIs: Arsenal
pecheneg
Quick Pick: Celebrities in WWE's Hall of Fame
aduchscher
A-Z Keypad Blitz II
pecheneg
Multiple Oscar Actors
pecheneg
Mystery Phrase Blitz: Oscar 'Best Actors'
pecheneg
F. Scott Fitzgerald Novels
LTH
Pick 3 Villains
ddd62291
Trending Topics
Disney
NBA
Harry Potter
Marvel
Kpop
Anime
Crossword
Pokémon
Song
WWE
Soccer
Puzzle
NFL
Country
The Office
Your Account Isn't Verified!
In order to create a playlist on Sporcle, you need to verify the email address you used during registration. Go to your
Sporcle Settings
to finish the process.
Report this User
Report this user for behavior that violates our
Community Guidelines
.
Details:
Send Report
Go to the Sporcle.com Mobile Site →
Comments